Balkan Countries by Military Strength - Statistics

General Stats
  • This quiz has been taken 32 times
  • The average score is 9 of 10
Answer Stats
Hint Answer % Correct
1. Greece
93%
3. Serbia
93%
7. Albania
89%
4. Bulgaria
89%
5. Croatia
89%
10. Kosovo
86%
2. Romania
86%
6. Slovenia
86%
8. Bosnia and Herzegovina
82%
9. North Macedonia
82%
No matching quizzes found
Score Distribution
Percent of People with Each Score
Percentile by Number Answered
Your Score History
You have not taken this quiz